00729nam a2200181 a 4500008004100000020001500041050001800056100002200074245005700096260002800153300002100181350000900202650004700211650004200258995009600300999001700396952013400413120416s1983 ||||||||||||||||| || u a0262131927 aNA 737.W7 Mus aMuschamp, Herbert10aMan about town: Frank Lloyd Wright in New York City  aCambridge:bMIT Pc1983 aix, 214p. : ill. a0.00 aNEW YORK (N.Y)--BUILDINGS, STRUCTURES, ETC aBUILDINGS--NEW YORK (STATE)--NEW YORK D0.00FCBU-MAIN LIBRARY (Kitwe)H1I17.50M1UAVAILABLEZMain Library Open Access Collection c49792d49792 00102lcc4070a001b001cMain Library Open Access Collectiond2022-11-30l0oNA 737.W7 Musp010270r2022-11-30w2022-11-30y002